<?xml version='1.0' encoding='UTF-8'?>
  <record xmlns="http://www.loc.gov/MARC21/slim">
    <leader>00000cam a22000007i 4500</leader>
    <controlfield tag="001">on1338306755</controlfield>
    <controlfield tag="003">OCoLC</controlfield>
    <controlfield tag="005">20230926075459.7</controlfield>
    <controlfield tag="008">220804m18201825xx     fr     00| 0 dut d</controlfield>
    <datafield tag="040" ind1=" " ind2=" ">
      <subfield code="a">QGJ</subfield>
      <subfield code="b">eng</subfield>
      <subfield code="e">rda</subfield>
      <subfield code="e">dcrmr</subfield>
      <subfield code="c">QGJ</subfield>
      <subfield code="d">QGJ</subfield>
      <subfield code="d">OCLCF</subfield>
      <subfield code="d">OCLCO</subfield>
    </datafield>
    <datafield tag="035" ind1=" " ind2=" ">
      <subfield code="a">(OCoLC)1338306755</subfield>
    </datafield>
    <datafield tag="245" ind1="0" ind2="0">
      <subfield code="a">Afmetingen van de Handspaak, de beslagene Handspaak, den Koevoet, den Bomhaak, den dubbelden Bomhaak, de Patroonkokers, de Buizenzetters, den Slager tot buizenzetters, de Beurston, de Slegge, den Pikethamer, den Aardstamper, de blikken Zunderbus en de Vernagelpin.</subfield>
    </datafield>
    <datafield tag="264" ind1=" " ind2="1">
      <subfield code="a">[Place of publication not identified] :</subfield>
      <subfield code="b">[publisher not identified],</subfield>
      <subfield code="c">[between 1820-1825].</subfield>
    </datafield>
    <datafield tag="300" ind1=" " ind2=" ">
      <subfield code="a">15 unnumbered pages :</subfield>
      <subfield code="b">tables ;</subfield>
      <subfield code="c">33 cm</subfield>
    </datafield>
    <datafield tag="336" ind1=" " ind2=" ">
      <subfield code="a">text</subfield>
      <subfield code="b">txt</subfield>
      <subfield code="2">rdacontent</subfield>
    </datafield>
    <datafield tag="337" ind1=" " ind2=" ">
      <subfield code="a">unmediated</subfield>
      <subfield code="b">n</subfield>
      <subfield code="2">rdamedia</subfield>
    </datafield>
    <datafield tag="338" ind1=" " ind2=" ">
      <subfield code="a">volume</subfield>
      <subfield code="b">nc</subfield>
      <subfield code="2">rdacarrier</subfield>
    </datafield>
    <datafield tag="340" ind1=" " ind2=" ">
      <subfield code="m">folio</subfield>
      <subfield code="2">rda</subfield>
    </datafield>
    <datafield tag="500" ind1=" " ind2=" ">
      <subfield code="a">No imprint; no colophon.</subfield>
    </datafield>
    <datafield tag="505" ind1="0" ind2=" ">
      <subfield code="a">Benaming der deelen -- De handspaak, Fig. I -- De beslagen handspaak, Fig. II -- De koevoet, Fig. III -- De bomhaak, Fig. IV -- De dubbelde bomhaak, Fig. V -- De patroonkokers, Fig. VI -- De buizenzetters, Fig. VII -- De hamer (slager) tot buizenzetters, Fig. VIII -- De beurston, Fig. IX -- De slegge en pikethamer, Fig. X -- De aardstamper, Fig. XI -- De blikkenzunderbus, Fig. XII -- De vernagelpin, Fig. XIII.</subfield>
    </datafield>
    <datafield tag="650" ind1=" " ind2="0">
      <subfield code="a">Artillery, Field and mountain.</subfield>
    </datafield>
    <datafield tag="650" ind1=" " ind2="0">
      <subfield code="a">Technology</subfield>
      <subfield code="v">Terminology.</subfield>
    </datafield>
    <datafield tag="650" ind1=" " ind2="6">
      <subfield code="a">Artillerie de campagne et de montagne.</subfield>
    </datafield>
    <datafield tag="650" ind1=" " ind2="7">
      <subfield code="a">field artillery.</subfield>
      <subfield code="2">aat</subfield>
    </datafield>
    <datafield tag="650" ind1=" " ind2="7">
      <subfield code="a">Artillery, Field and mountain</subfield>
      <subfield code="2">fast</subfield>
    </datafield>
    <datafield tag="650" ind1=" " ind2="7">
      <subfield code="a">Technology</subfield>
      <subfield code="2">fast</subfield>
    </datafield>
    <datafield tag="655" ind1=" " ind2="7">
      <subfield code="a">Terminology</subfield>
      <subfield code="2">fast</subfield>
    </datafield>
    <datafield tag="772" ind1="0" ind2="8">
      <subfield code="i">Supplement to (work):</subfield>
      <subfield code="a">Schweickhardt, L.</subfield>
      <subfield code="t">Eenige artillerie-voorwerpen, voorgesteld van fig. I tot en met fig. XII in het 1/5 der ware, en fig. XIII in de ware grootte</subfield>
      <subfield code="w">(OCoLC)1341341885</subfield>
    </datafield>
  </record>